IPD Central and Eastern European property index (Record no. 108411)

MARC details
000 -LEADER
fixed length control field 01029cad a22002295a 4500
001 - CONTROL NUMBER
control field L144222
008 - FIXED-LENGTH DATA ELEMENTS--GENERAL INFORMATION
fixed length control field 080704s2008 xxkad f s 000 0 eng d
035 ## - SYSTEM CONTROL NUMBER
System control number (Sirsi) u144222
041 0# - LANGUAGE CODE
Language code of text/sound track or separate title eng
050 04 - LIBRARY OF CONGRESS CALL NUMBER
Classification number 333.32 $2 18
110 2# - MAIN ENTRY--CORPORATE NAME
Corporate name or jurisdiction name as entry element Investment Property Databank
9 (RLIN) 2288
245 00 - TITLE STATEMENT
Title IPD Central and Eastern European property index
Remainder of title results to 31 December 2007
Medium [electronic resource]
260 ## - PUBLICATION, DISTRIBUTION, ETC.
Place of publication, distribution, etc. London
Name of publisher, distributor, etc. IPD
Date of publication, distribution, etc. 2008
490 #0 - SERIES STATEMENT
Series statement IPD Central and Eastern European Property Index
Volume/sequential designation Results to 31 December 2007
520 ## - SUMMARY, ETC.
Summary, etc. The index measures ungeared total returns to direct property investments, and in 2007 it delivered 13.6%. The All Property total return in 2007 was the weakest since IPD began the index in 2005.
590 ## - LOCAL NOTE (RLIN)
Local note KA
650 24 - SUBJECT ADDED ENTRY--TOPICAL TERM
Topical term or geographic name entry element IPD CENTRAL AND EASTERN EUROPEAN PROPERTY INDEX
651 #4 - SUBJECT ADDED ENTRY--GEOGRAPHIC NAME
Geographic name Europe
690 ## - LOCAL SUBJECT ADDED ENTRY--TOPICAL TERM (OCLC, RLIN)
Topical term or geographic name as entry element PROPERTY-PROPERTY FINANCE AND INVESTMENT-REAL ESTATE INVESTMENT TRUSTS
856 40 - ELECTRONIC LOCATION AND ACCESS
Uniform Resource Identifier <a href="https://www.ipd.com/">https://www.ipd.com/</a>
Public note View this report free of charge under indices at www.ipd.com...
942 ## - ADDED ENTRY ELEMENTS (KOHA)
Suppress in OPAC 0
Holdings
Withdrawn status Lost status Source of classification or shelving scheme Damaged status Not for loan Home library Current library Shelving location Date acquired Total Checkouts Full call number Barcode Date last seen Copy number Price effective from Koha item type
    Dewey Decimal Classification     Virtual Virtual Online 04/07/2008   ONLINE PUBLICATION 144222-1001 06/08/2019 1 06/08/2019 Book